000 00824nam a22002657a 4500
003 UA-OsUOA
001 21781
007 ta
008 20031213b un ||||| |||| 00| 0 ukr d
100 _aНортон П.
700 _aДжорден Р.
090 _aН-837-004.083.72
_bН-837
942 _cBK
040 _aUA-OsUOA
_brus
_cUA-OsUOA
_dUA-OsUOA
245 _aработа с жестким диском IBM PC
_cП. Нортон, Р. Джорден; Пер. М.М. Савицкого, Г.К. ФиногеноваПер. М.М.Савицкого Г.К.Финогенова
300 _a560 с.
_bІлюстрації
955 _a0
041 _arus
080 _aН-837-004.083.72
020 _a5-03-002116-7
260 _aМосква
_bМир
_c1992
044 _aRU
650 7 _2UDC
999 _c307988
_d307988